[Event "Lausanne YM"]
[Site "Lausanne"]
[Date "2000.05.31"]
[Round "1.2"]
[White "Fressinet, Laurent"]
[Black "Grischuk, Alexander"]
[Result "1/2-1/2"]
[WhiteElo "2501"]
[BlackElo "2581"]
[PlyCount "96"]
[EventDate "2000.05.30"]
[EventType "k.o."]
[EventRounds "3"]
[EventCountry "SUI"]
[SourceTitle "CBM 078"]
[Source "ChessBase"]
[SourceDate "2000.10.18"]
[SourceVersion "1"]
[SourceVersionDate "2000.10.18"]
[SourceQuality "1"]

1. e4 e5 2. Nf3 Nc6 3. Bb5 a6 4. Bxc6 dxc6 5. O-O f6 6. d4 Bg4 7. c3 Bd6 8. Be3
Ne7 9. Nbd2 O-O 10. Qc2 b6 11. h3 Bh5 12. Nh4 Kh8 13. Nc4 b5 14. Na5 Qe8 15. a3
Rb8 16. b4 Bf7 17. Rad1 Be6 18. Qe2 Qf7 19. Kh1 Rbe8 20. Nf3 Qh5 21. dxe5 fxe5
22. Nd4 Bf7 23. Nf3 Be6 24. Ng1 Qf7 25. f3 Ng6 26. Qf2 Bd7 27. Bc5 Re6 28. Nb7
Qe7 29. Qd2 Bxc5 30. Nxc5 Rd6 31. Qe3 Bc8 32. Rd2 Rfd8 33. Rfd1 Rxd2 34. Rxd2
Rxd2 35. Qxd2 Qd6 36. Qc2 Nf4 37. Ne2 Ne6 38. Nb3 c5 39. c4 Nd4 40. Nexd4 cxd4
41. Nc5 Be6 42. cxb5 axb5 43. Nxe6 Qxe6 44. Qxc7 h6 45. f4 Qc4 46. Qd8+ Kh7 47.
fxe5 Qf1+ 48. Kh2 Qf4+ 1/2-1/2

[Event "Lausanne YM"]
[Site "Lausanne"]
[Date "2000.06.03"]
[Round "3.1"]
[White "Grischuk, Alexander"]
[Black "Ponomariov, Ruslan"]
[Result "1/2-1/2"]
[WhiteElo "2581"]
[BlackElo "2627"]
[Annotator "Finkel,A"]
[PlyCount "55"]
[EventDate "2000.05.30"]
[EventType "k.o."]
[EventRounds "3"]
[EventCountry "SUI"]
[SourceTitle "CBM 078"]
[Source "ChessBase"]
[SourceDate "2000.10.18"]
[SourceVersion "1"]
[SourceVersionDate "2000.10.18"]
[SourceQuality "1"]

1. e4 g6 2. d4 Bg7 3. Nc3 d6 4. f4 Nf6 5. Nf3 O-O 6. Bd3 Na6 $5 {This
variation demands from black extremly accurate play,because otherwise white
may develop dangerous attack against black king.} 7. O-O c5 8. d5 Bg4 9. Bc4 $1
{The most accurate move.} (9. h3 Bxf3 10. Rxf3 Nc7 11. a4 Rb8 12. Qe1 Nd7 13.
Bd2 Na6 14. Nd1 e6 15. dxe6 fxe6 16. Bc3 Bxc3 17. Nxc3 $14 {Polgar,Zso-Hodgson,
J/Amsterdam Donner op/1995}) (9. a3 $5 Nc7 10. h3 Bxf3 11. Qxf3 e6 12. f5 exd5
13. exd5 Nd7 14. Qg3 Be5 15. Bf4 Ne8 16. Bxe5 Nxe5 17. Ne4 $36 {Zulfugarli,
M-Kochetkov,G/Nikolaev zt/1995}) (9. Kh1 e6 10. dxe6 fxe6 11. h3 Bxf3 12. Rxf3
Nb4 13. f5 gxf5 14. exf5 Qc8 $132 {Okkes,M-Cuijpers,F/NLD-chT9495}) (9. Qe1 $6
Nb4 10. Qh4 c4 11. Bxc4 Nxc2 12. Rb1 Bxf3 $1 13. Rxf3 Rc8 14. Bb3 Nd4 15. Rh3
Nxb3 16. axb3 h5 $15 {Plachetka,J-Jansa,V/CL Trnava-Bohemians/1992}) 9... Nc7 (
9... Nd7 10. h3 Bxf3 11. Qxf3 (11. Rxf3 Nc7 12. a4 Rb8 13. Qd3 Re8 14. Be3 a6
15. Raf1 $14 {Finkel,A-Zilberman,Y/ISR-ch 1996}) 11... Nc7 (11... Nb6 12. Bb5
f5 13. exf5 gxf5 14. Bd2 Nc7 15. Bd3 c4 16. Be2 $14 {Krakops,M-Nogueiras,J/
Ubeda op 1997}) 12. Be3 a6 13. Rad1 b5 14. Be2 b4 15. Na4 Nb5 $132 {Hector,
J-Hoi,C/Kobenhavn op/1990}) 10. h3 (10. a4 a6 11. h3 (11. Qe2 $1 Nd7 12. h3
Bxf3 13. Rxf3 $14) (11. a5 Nb5 $1) 11... Bxf3 12. Qxf3 Nd7 13. Bd2 Rb8 14. a5
b5 15. axb6 Nxb6 16. Be2 Nb5 $13 {Pedzich,D-Czerwonski,A/POL-chT 1994}) 10...
Bxf3 11. Qxf3 a6 (11... e6 $6 12. dxe6 fxe6 13. Rd1 $5 (13. Be3 b6 14. Rad1 Qe7
15. Rfe1 Kh8 16. g4 Rad8 17. Bf2 Nd7 18. Qg3 $36 {Wedberg,T-Azmaiparashvili,Z/
Reykjavik op 1990}) 13... Qe7 14. f5 $36) (11... Nd7 12. a4 (12. Re1 a6 13. a4
Rb8 14. a5 b5 15. axb6 Rxb6 16. Qd3 Qb8 17. Ra2 Nb5 18. Bd2 g5 19. g3 Kh8 20.
Ne2 $14 {Tzermiadianos,A-Tsorbatzoglou,T/Ermoupoli 1996}) 12... b6 13. h4 $6 e6
14. dxe6 Nxe6 15. Qh3 Nd4 $15 {Diedrichsen,D-Brettschneider,S/OL-NW9495}) 12.
a4 b6 {Black's plan is very simple and logical:he just wants to double his
major pieces over the b-file and to transfer b5.The main drawback of this plan
is that it's too slow and white with energetic play gains an opening advantage.
} (12... Nd7 13. Qe2 $146 (13. a5 b5 14. axb6 Nxb6 15. Be2 (15. Qd3 $6 Rb8 16.
Nd1 e6 $1 17. c3 (17. dxe6 fxe6 {/\ d5}) 17... Nxc4 18. Qxc4 exd5 19. exd5 f5
$1 $15 {Harley,A-Hodgson,J/BCF-ch 1993}) 15... f5 $1 $13) (13. Qd3 Nb6 14. Ba2
Qd7 15. a5 Nc8 16. Bd2 b5 17. axb6 Nxb6 18. Rae1 Nb5 19. Nd1 $14 {
Dolmatov-Chernin/Minsk ch-SU/1987}) 13... Kh8 $5 (13... f5 $2 14. e5 $16 {()})
14. Rd1 Rb8 (14... f5 15. Bd2 {[%cal Ya1b1,Yb2b4] /\Rab1,b4|^<<} fxe4 16. Nxe4
{[%csl Rf6,Rf7,Rg7,Rh6][%cal Yd2c3] /\Bc3,׻}) 15. a5 b5 16. axb6 Rxb6 17. Ra2
$14 {Forster,R-Hodgson,J/Horgen-B 1995} (17. Bxa6 $2 Qa8 $19)) (12... Rb8 13.
a5 b5 (13... e6 14. dxe6 Nxe6 15. Ne2 Nd4 16. Nxd4 cxd4 17. e5 Ne8 18. f5 $1
$36 {Wahls,M-Strikovic,A/Zaragoza op 1996}) 14. axb6 Rxb6 15. Ra2 $14 {[%csl
Gc1,Gc4,Gd5,Ge4,Gf4,Ra6] ^^,[+],><a6} (15. Qd3 Nb5 16. Bd2 Nc7 17. b3 e6 18.
Ra5 Re8 19. Kh1 Qe7 20. Na4 $14 {Matros,A-Odesskij,I/Moscow2 1994})) 13. Qd3 (
13. Re1 Nd7 14. Ra3 Rb8 15. Rb3 Kh8 16. Kh1 Qc8 17. Be3 b5 18. axb5 Nb6 19. Qf1
Nxc4 20. Qxc4 axb5 21. Nxb5 Rxb5 22. Rxb5 {1/2-1/2 Wahls,M-Nogueiras,J/
Capablanca mem-A 1996}) 13... Qb8 $5 {[%cal Gb8b7,Gf8b8,Gb6b5]} 14. Be3 (14. e5
Nd7 (14... b5 $5 15. axb5 axb5 16. Rxa8 Qxa8 17. Nxb5 Nfxd5 18. exd6 exd6 19.
Nxd6 Rd8 $1 $132) 15. e6 fxe6 16. dxe6 Nf6 17. Be3 Qb7 18. Rad1 Rab8 $13 {
[%cal Gb6b5,Gd6d5]}) 14... Qb7 15. Rab1 $1 {[%cal Gb2b4] The only,but quiet
sufficient way to advantage.} e6 (15... b5 $2 16. axb5 axb5 17. Nxb5 Nxb5 18.
Bxb5 $16) (15... Rab8 $6 16. b4 b5 17. axb5 axb5 18. bxc5 $1 bxc4 19. Rxb7 cxd3
20. Rxc7 dxc2 21. e5 $1 Ne8 22. Rxe7 Rb3 23. Bd2 $16) 16. b4 (16. dxe6 fxe6 17.
Qxd6 $2 Rad8 {[%csl Rd6]} 18. Qe5 (18. Qe7 Rfe8 19. Bxe6+ Kh8 $19) 18... Nfd5
19. Bxd5 exd5 $19) 16... exd5 17. exd5 cxb4 18. Rxb4 b5 19. axb5 axb5 20. Bb3
$14 {[%csl Rb5,Gd5] This position is clearly better for white due to the
weakness of the oawn on b5 and awkwad position of the knight on c7.} (20. Nxb5
Ncxd5 21. Bxd5 Nxd5 22. Rb3 Nxe3 23. Qxe3 d5 $11) 20... Ra5 21. f5 Qa6 22. fxg6
(22. Rbf4 Ra1 23. Rxa1 Qxa1+ 24. Rf1 Qa5 25. Bd4 $14) 22... hxg6 23. Ne4 Ra1 $1
24. Nxf6+ Bxf6 25. Rbf4 (25. Kh2 $5 Be5+ $6 26. Bf4 Rxf1 27. Qxf1 Bxf4+ 28.
Qxf4 $16 {[%cal Gf4h6,Gb4h4]}) 25... Be5 26. R4f3 (26. Rxa1 Qxa1+ 27. Rf1 Qa5
$14) 26... Rxf1+ 27. Rxf1 Ne8 28. Bd4 $14 1/2-1/2

[Event "North Sea Cup 15th"]
[Site "Esbjerg"]
[Date "2000.07.07"]
[Round "1"]
[White "Svidler, Peter"]
[Black "Grischuk, Alexander"]
[Result "1/2-1/2"]
[WhiteElo "2689"]
[BlackElo "2606"]
[Annotator "Wedberg,T"]
[PlyCount "106"]
[EventDate "2000.07.07"]
[EventType "tourn"]
[EventRounds "9"]
[EventCountry "DEN"]
[EventCategory "14"]
[SourceTitle "CBM 078"]
[Source "ChessBase"]
[SourceDate "2000.10.18"]
[SourceVersion "1"]
[SourceVersionDate "2000.10.18"]
[SourceQuality "1"]

1. e4 e5 2. Nf3 Nc6 3. Bb5 a6 4. Ba4 Nf6 5. O-O Be7 6. Re1 b5 7. Bb3 d6 8. c3
O-O 9. h3 Nd7 10. d4 Bf6 11. a4 Bb7 12. d5 Ne7 (12... Na5 13. Bc2 Nb6 14. b4
Nac4 15. a5 Nd7 16. Bb3 Be7 17. Bxc4 bxc4 18. Nfd2 f5 $132 {0-1 Jaracz,
P-Onischuk,A/Koszalin 1999/CBM 73/[Wedberg] (28)}) 13. axb5 axb5 14. Rxa8 Qxa8
15. Na3 Ba6 16. Nh2 (16. Be3 Nc5 17. Bc2 c6 18. b4 Nd7 19. c4 bxc4 20. Ba4 Bb7
$6 (20... cxd5 $1 21. Bxd7 d4 $1 $44) 21. Nxc4 $36 {1-0 Svidler,P-Gabriel,C/
Bad Homburg 1998/CBM 66/[Svidler] (35)}) (16. Nc2 Nc5 17. Nb4 Bc8 18. Bc2 Na6
19. Nxa6 Qxa6 20. Nh2 Ng6 21. Ng4 Be7 22. g3 f5 $132 {1/2-1/2 Leko,P-Svidler,P/
Frankfurt 1999/CBM 72/[Wedberg] (45)}) 16... Ng6 17. Ng4 (17. g3 Rb8 18. Bd2
Be7 19. h4 Nc5 20. Bc2 $14 {1/2-1/2 Lanka,Z-Svidler,P/Pula 1997/CBM 57 ext (28)
}) 17... Be7 18. Ne3 (18. Bc2 Rb8 19. b4 Nf6 (19... c6 20. Ne3 Nf6 21. Bb3 Bb7
$132 {0-1 Knezevic,B-Blagojevic,D/Nis 1996/EXT 99 (39)}) 20. Qf3 Bc8 21. g3
Nxg4 22. hxg4 h6 23. Qe2 Bd7 24. Bb2 Bg5 $15 {1/2-1/2 Iordachescu,V-Grischuk,A/
Porto San Giorgio 1999/EXT 2000 (40)}) 18... Rb8 19. Bd2 Bg5 (19... Nc5 20. Bc2
Bc8 21. Nf5 Bf8 22. Qf3 c6 23. dxc6 Qxc6 24. b4 Na6 25. c4 $36 {1-0 Popovic,
P-Blagojevic,D/Niksic 1997/EXT 99 (35)}) 20. Bc2 Bc8 21. Qa1 Qb7 22. c4 $5 {
[%mdl 48] An unusual move in these positions. Svidler refrains from the
standard b4 manouvre and goes for something new.} bxc4 (22... b4 23. Nb5 $14 {
[%csl Rb4]}) 23. Naxc4 $14 {White aims for the nice c6 outpost and at the same
time Black has some coordination problems. A slight white plus seems in order.}
Nf6 $6 (23... Ra8 $5) 24. Na5 $1 Qxb2 25. Nc6 Bxe3 $8 (25... Qxa1 $4 26. Rxa1
$18) 26. Bxe3 Qxc2 27. Nxb8 Qxe4 28. Nc6 Nxd5 (28... Qxd5 29. Qa8 Qe6 30. Na7
Ne7 31. Rb1 $18) 29. Qa8 Qf5 30. Na7 Nge7 31. g4 Qe6 32. Rb1 h6 33. Rb8 Kh7 34.
Nxc8 Ng6 {Surely this should be winning for White.} 35. Qa2 e4 36. Na7 Ne5 37.
Re8 $2 {Now Black gets drawing chances.} (37. Kh1 Nf3 38. Nc6 Qf6 39. Qc2 Nc3
40. Nd4 $18) 37... Nf3+ 38. Kh1 Qxe8 39. Qxd5 Qa4 40. Kg2 Ne5 41. Nb5 c6 42.
Nc3 cxd5 43. Nxa4 Nf3 44. Bf4 f5 45. gxf5 Nh4+ 46. Kf1 d4 47. Bxd6 Nxf5 48. Be5
e3 49. Nc5 exf2 50. Kxf2 g5 51. Kf3 h5 52. Ke4 Kg6 53. Ne6 g4 1/2-1/2

[Event "North Sea Cup 15th"]
[Site "Esbjerg"]
[Date "2000.07.08"]
[Round "2"]
[White "Grischuk, Alexander"]
[Black "Gurevich, Mikhail"]
[Result "0-1"]
[WhiteElo "2606"]
[BlackElo "2667"]
[Annotator "Psakhis,L"]
[PlyCount "60"]
[EventDate "2000.07.07"]
[EventType "tourn"]
[EventRounds "9"]
[EventCountry "DEN"]
[EventCategory "14"]
[SourceTitle "CBM 078"]
[Source "ChessBase"]
[SourceDate "2000.10.18"]
[SourceVersion "1"]
[SourceVersionDate "2000.10.18"]
[SourceQuality "1"]

1. e4 {Gurevich,M} e6 2. d4 d5 3. e5 c5 4. c3 Nc6 5. Nf3 Bd7 6. Be2 Nge7 7. Na3
cxd4 8. cxd4 Nf5 9. Nc2 Qb6 {Mikhail Gurevich has huge experience in this
double-edged line} 10. O-O (10. h4 f6 11. g4 Nfxd4 12. Ncxd4 Nxe5 13. g5 Bc5
14. O-O Nxf3+ 15. Nxf3 Qb4 16. Ne1 Qxh4 17. Ng2 Qb4 $132 {0-1 Movsesian,
S-Gurevich,M/Sarajevo 2000 (35)}) 10... a5 ({Black could play and} 10... Na5 {
with possible continuations} 11. g4 Ne7 12. Nfe1 h5 13. gxh5 Bb5 14. Nd3 Nf5
15. b4 Nc6 16. a4 Bc4 17. a5 Qd8 18. Be3 Qh4 $132 {1-0 Grosar,A-Dizdar,G/Nova
Gorica op 1997 (39)}) 11. Kh1 Nb4 $146 {'!?' Gurevich,M.} (11... Rc8 12. Rb1
Nb4 13. Nxb4 Bxb4 14. Qd3 Bf8 15. Bd2 Ne7 16. b4 a4 17. b5 Nf5 18. Bc3 Be7 19.
Qd2 Ra8 20. Bb4 O-O 21. a3 Rfc8 22. Rfc1 $16 {1-0 Goldenberg,D-Hum,P/Toronto
op 1998 (42)}) ({Deserves attention} 11... h5 $5 {with the idea to secure
position of strong knight on f5} 12. Bg5 Rc8 13. Qd2 Be7 14. Rab1 Bxg5 15. Qxg5
Nce7 16. Bd3 Bb5 17. Bxb5+ Qxb5 18. Ne3 Qe2 19. Nxf5 Nxf5 20. Kg1 Rc2 {1/2-1/2
Peng Xiaomin-Zhang Zhong/Shenyag 1999 (20)}) 12. Ne3 $1 (12. Nxb4 {Gurevich,M}
axb4 $5 {(/\ 13...Bb5)} 13. Qd3 Ra5 $1 $132) 12... Rc8 (12... Nxe3 13. fxe3 {
[%cal Gf1f7]}) (12... Bb5 13. Nxf5 exf5 14. a3 Bxe2 15. Qxe2 Nc6 16. e6 $16) (
12... Nxe3 $5 {Gurevich,M}) 13. Nxf5 exf5 14. Bd2 {'!?' Gurevich,M.} Be7 (14...
Nc2 {Gurevich,M} 15. Rb1 Nxd4 $2 16. Be3 $18) (14... Bb5 $5 {Gurevich,M}) 15.
a3 Nc6 16. Bc3 (16. b4 $1 {Gurevich,M} axb4 17. axb4 $36 Bxb4 $2 18. Rb1 Qa5
19. Rxb4 $1 Nxb4 20. Qb3 $16) 16... O-O 17. Qd2 {'+/=' Gurevich,M. White can
be satisfied with results of opening - he has safe position on the queen side
and chances to organized serious pressure on the opposite side of the board.}
Ra8 $1 {[%cal Gf8b8,Gb7b5] '!?' Gurevich,M. Great idea! Gurevich uses the only
chance for real couterplay - he is ready to bring another rook to b8 and after
it push the b-pawn. Gurevich,M: '[/\ 18...Rfb8, 19...Qd8, b7-b5-b4 <=> <<]'}
18. Ne1 {'!' Gurevich,M. Gurevich,M: '[/\ f2-f4, N e1-c2-e3 |^]'} Rfb8 19. Nc2
(19. Nd3 Qd8 20. Nf4 Be6 $13 (20... Bg5 $5)) 19... g6 (19... Qd8 {Gurevich,M}
20. Ne3 Be6 21. f4 Qd7 22. g4 $40) 20. Ne3 (20. b4 $5 {Gurevich,M} axb4 21.
Nxb4 Nxb4 (21... Be6 22. Rfb1 Qc7 23. Bf3 $14) 22. Bxb4 $14) 20... Be6 21. f4 {
[%cal Gg2g4] Gurevich,M: '[/\22.g4 ->>>]'} h5 $5 {Stops, at least for some
time, g4} (21... Qd8 22. g4 fxg4 23. f5 $36 (23. f5 {Gurevich,M} gxf5 24. Nxf5
Bg5 $13)) 22. Qd1 {[%cal Re2h5] '!?' Gurevich,M. Gurevich,M: '[/\ 23.Bxh5]'} (
22. g3 Qd8 23. h3 b5 $132) (22. Bf3 $5 {Gurevich,M} Rd8 (22... Qd8 23. Qd1 $1
$16 {/\ 24.Bxh5, 24.Qb3}) 23. g3 $14) 22... Kg7 23. Bxh5 $2 {[%mdl 512] '(+)
?!' Gurevich,M. It is very difficult to refraine from such a promising
sacrifice when you are just 16 years old!} ({After " boring "} 23. Bf3 $5 Rd8 (
23... Qd8 $140 24. Qb3) 24. Qd3 {white's position is very comfortable}) (23.
Bf3 $14 {Gurevich,M}) 23... gxh5 24. Qxh5 Rh8 25. Nxf5+ Bxf5 26. Qxf5 Nxd4 $1
$19 {'!' Gurevich,M. Refutation of white's combination.} 27. Qd3 {'?' Gurevich,
M. Lose by force but and after} (27. e6 fxe6 28. Qg4+ (28. Bxd4+ Qxd4 29. Qxe6
Qe4 $1 {'=/+' Gurevich,M.} (29... Rae8 $15 {Gurevich,M})) 28... Kf7 29. f5
Rxh2+ $1 30. Kxh2 Rh8+ 31. Kg3 Bh4+ $1 32. Qxh4 Qc7+ 33. Qf4 Ne2+ $19) ({or} 
27. Qg4+ Kf8 28. f5 Rh4 $1 {'|^!' Gurevich,M.} 29. Qd1 (29. Qg3 Ne2) 29... Nb3
30. f6 Bc5 $19 {black position is just winning.}) 27... Rxh2+ $1 {Nice, but
not very difficult combination} 28. Kxh2 Rh8+ 29. Kg3 (29. Kg1 {Gurevich,M}
Nf3#) 29... Bh4+ 30. Kg4 (30. Kh2 Bf2+ 31. Qh3 Ne2 $19) (30. Kh3 Bf2+ 31. Kg4
Rh4+ 32. Kg5 Qd8#) 30... Qh6 {[%cal Rh6h5] '!' Gurevich,M. Great game of
Mikhail Gurevich} (30... Qh6 {Gurevich,M} 31. Bxd4 (31. g3 Qh5+ 32. Kh3 Bg5+
33. Kg2 Qh2#) 31... Qh5+ 32. Kh3 Bf2#) 0-1

[Event "North Sea Cup 15th"]
[Site "Esbjerg"]
[Date "2000.07.10"]
[Round "4"]
[White "Grischuk, Alexander"]
[Black "De Vreugt, Dennis"]
[Result "1-0"]
[WhiteElo "2606"]
[BlackElo "2511"]
[PlyCount "119"]
[EventDate "2000.07.07"]
[EventType "tourn"]
[EventRounds "9"]
[EventCountry "DEN"]
[EventCategory "14"]
[SourceTitle "CBM 078"]
[Source "ChessBase"]
[SourceDate "2000.10.18"]
[SourceVersion "1"]
[SourceVersionDate "2000.10.18"]
[SourceQuality "1"]

1. e4 e5 2. Nf3 Nc6 3. Bb5 a6 4. Ba4 Nf6 5. O-O Be7 6. Re1 b5 7. Bb3 O-O 8. d3
d6 9. c3 Na5 10. Bc2 c5 11. Nbd2 Re8 12. Nf1 h6 13. d4 cxd4 14. cxd4 Qc7 15. h3
Bd7 16. Ng3 Rac8 17. Re2 Bd8 18. b3 Nc6 19. Bb2 Qa7 20. d5 Ne7 21. Nh4 Bb6 22.
Qd2 g5 23. Nf3 Ng6 24. Rf1 Nf4 25. Ree1 b4 26. Nh2 Bd4 27. Bxd4 Qxd4 28. Rd1
Rc3 29. Qxd4 exd4 30. Bb1 d3 31. f3 Ne2+ 32. Kf2 Nxg3 33. Kxg3 Bb5 34. Ng4 Nxg4
35. hxg4 Kg7 36. Kf2 h5 37. gxh5 f5 38. Rfe1 f4 39. Rd2 Kf6 40. Red1 Rh8 41.
Bxd3 Rxh5 42. e5+ dxe5 43. Bxb5 axb5 44. d6 Rh8 45. d7 Rd8 46. Rd6+ Ke7 47. Rg6
Rc2+ 48. Kf1 Rxa2 49. Rxg5 Kf6 50. Rh5 Rb2 51. Rd6+ Ke7 52. Rd5 Rxb3 53. Rhxe5+
Kf7 54. Rd4 Rb1+ 55. Kf2 Rb2+ 56. Re2 Rxe2+ 57. Kxe2 Ke6 58. Rxf4 Kd5 59. Kd3
Kc5 60. Rf5+ 1-0

[Event "North Sea Cup 15th"]
[Site "Esbjerg"]
[Date "2000.07.11"]
[Round "5"]
[White "Emms, John M"]
[Black "Grischuk, Alexander"]
[Result "1/2-1/2"]
[WhiteElo "2527"]
[BlackElo "2606"]
[PlyCount "54"]
[EventDate "2000.07.07"]
[EventType "tourn"]
[EventRounds "9"]
[EventCountry "DEN"]
[EventCategory "14"]
[SourceTitle "CBM 078"]
[Source "ChessBase"]
[SourceDate "2000.10.18"]
[SourceVersion "1"]
[SourceVersionDate "2000.10.18"]
[SourceQuality "1"]

1. e4 c5 2. Nf3 Nc6 3. d4 cxd4 4. Nxd4 Nf6 5. Nc3 d6 6. Bc4 e6 7. Be3 Be7 8.
O-O O-O 9. Kh1 a6 10. a4 Qc7 11. Qe2 Bd7 12. f4 Rac8 13. Ba2 Nxd4 14. Bxd4 e5
15. Be3 Be6 16. a5 Bxa2 17. Rxa2 Qc4 18. Qf3 exf4 19. Bxf4 Qe6 20. Ra4 Rc4 21.
Rxc4 Qxc4 22. e5 dxe5 23. Bxe5 Qb4 24. Nd5 Nxd5 25. Qxd5 Qc5 26. Qxc5 Bxc5 27.
Rd1 Re8 1/2-1/2

[Event "North Sea Cup 15th"]
[Site "Esbjerg"]
[Date "2000.07.12"]
[Round "6"]
[White "Grischuk, Alexander"]
[Black "Hansen, Lars Bo"]
[Result "1/2-1/2"]
[WhiteElo "2606"]
[BlackElo "2562"]
[Annotator "Bangiev,A"]
[PlyCount "64"]
[EventDate "2000.07.07"]
[EventType "tourn"]
[EventRounds "9"]
[EventCountry "DEN"]
[EventCategory "14"]
[SourceTitle "CBM 078"]
[Source "ChessBase"]
[SourceDate "2000.10.18"]
[SourceVersion "1"]
[SourceVersionDate "2000.10.18"]
[SourceQuality "1"]

1. e4 e5 2. f4 exf4 3. Nf3 d5 4. exd5 Nf6 5. Bc4 Nxd5 6. O-O Be7 7. d4 (7. Bb3
Be6 8. c4 Nb6 9. d4 Nxc4) 7... Be6 8. Bb3 {[%mdl 8] Ein neuer Plan. Weiß
bereitet c4 vor. Der Versuch, den Springer d5 mittels c4 zu vertreiben, ist
nicht neu, allerdings mit dem Bauern auf d2 (um Ne3 zu verhindern). Nun läßt
Weiß den schwarzen Springer auf das Feld e3 ziehen.} (8. Qe2 O-O 9. Nc3 Nxc3
10. bxc3 Bxc4 11. Qxc4 Bd6 12. Qb5 b6 13. Ng5 Qe7 14. Qf5 g6 15. Qg4 h5 16. Qh4
f6 17. Nf3 Nd7 18. Bxf4 {1-0 Gallagher,J-Van der Sterren,P/San Bernardino 1992/
(44)}) 8... O-O (8... c6 9. c4 Nb6 10. Qe2 a5 {1/2-1/2 Danilovic,A-Lazic,M/
Bjeljina 2000}) 9. c4 Ne3 (9... Nb6 10. d5) 10. Bxe3 fxe3 11. Qd3 (11. Nc3 Bg4
(11... Bg5 12. Qd3) 12. Nd5 Bg5 13. Qd3 e2 14. Rfe1 Bxf3 15. gxf3 Na6 16. Rxe2
c6 $17) 11... Bg4 (11... Bf6 12. Qxe3 (12. Nc3 Bg4) 12... Re8 13. Qf2 Bg4 14.
Nbd2 c5 $132) 12. Ne5 (12. Nc3 Bf6 $132) 12... e2 $1 {Ein starker Zwischenzug.}
13. Re1 Bh5 14. Bc2 (14. Nc3 Bf6 (14... Bh4 15. Bc2 g6 16. g3 $13) 15. Qe4 Nc6
16. Nd5 Re8 $17) 14... Bg6 (14... f5 15. Nc3 (15. g4 Bxg4 16. Nxg4 Nc6 $17)
15... c5 16. d5 Bd6 17. Nf3 $13) 15. Nxg6 hxg6 16. Nc3 Bf6 (16... Nc6 17. d5
Nb4 18. Qxe2) 17. d5 (17. Nxe2 Nc6 18. Rad1 Re8 19. d5 Nb4 $36) 17... Re8 18.
Rxe2 Rxe2 19. Nxe2 (19. Qxe2 Bxc3 (19... Na6 20. Re1) 20. bxc3 {Diese
Schwächung der Bauernstruktur wollte Weiß mit dem Partiezug vermeiden.} Nd7 (
20... Na6 $6 21. Re1 Nc5 22. Qe7 b6 23. Qxd8+ Rxd8 24. Re7 Rd7 25. Re8+ Kh7 26.
h4) 21. Re1 Qf6 22. Qe3 Qh4 $132) 19... Bxb2 20. Rb1 Be5 21. Rxb7 Nd7 22. Rb1
Rb8 23. Rxb8 Qxb8 $11 24. Qb3 Qf8 25. g3 Qc5+ 26. Kg2 Nb6 27. Bd3 Qe3 28. Qc2
Nd7 29. Ng1 Bd4 30. Nf3 Ne5 31. Nxe5 Qxe5 32. Qe2 Qxe2+ 1/2-1/2

[Event "North Sea Cup 15th"]
[Site "Esbjerg"]
[Date "2000.07.13"]
[Round "7"]
[White "Nielsen, Peter Heine"]
[Black "Grischuk, Alexander"]
[Result "1/2-1/2"]
[WhiteElo "2578"]
[BlackElo "2606"]
[Annotator "Baburin,A"]
[PlyCount "81"]
[EventDate "2000.07.07"]
[EventType "tourn"]
[EventRounds "9"]
[EventCountry "DEN"]
[EventCategory "14"]
[SourceTitle "CBM 078"]
[Source "ChessBase"]
[SourceDate "2000.10.18"]
[SourceVersion "1"]
[SourceVersionDate "2000.10.18"]
[SourceQuality "1"]

1. d4 d5 2. c4 e6 3. Nf3 c6 4. Qc2 Nf6 5. Bg5 Nbd7 6. cxd5 exd5 7. e3 Be7 8.
Bd3 O-O 9. Nc3 Re8 10. O-O Nf8 11. h3 Ng6 12. Bxf6 Bxf6 13. b4 Be7 (13... Qd6
14. Rab1 a6 15. Rfc1 Bd8 16. Bf5 Bc7 17. Na4 Bxf5 18. Qxf5 Re7 19. Nc5 Bd8 20.
a4 $36 {Lerner-Malakhov, Oberwart 1999.}) (13... a6 $5 {- it is usually better
for Black to exchange the a-pawns (when White plays aa2-a4 and b4-b5) in such
positions, as otherwise Black's a-pawn might become weak later.}) 14. b5 Bd6 {
[%cal Gd8f6,Gc8h3,Gf6f3]} 15. bxc6 bxc6 {[%csl Rc6]} 16. Bf5 $5 {[%csl Gc8,Gf5]
Exchanging the light-squared bishops White lessens Black's chances for a
successful attack on the kingside. Also, though Black's light-squared bishop
is technically 'bad', it can protect the c6-pawn and threaten White's kingside.
} (16. Nb1 Qf6 17. Nbd2 h6 18. Rfc1 Ne7 19. Qd1 Rb8 20. Nb3 Rb6 21. Rc2 Nf5 22.
Nc5 g6 23. Rac1 Kg7 24. Na4 Rb4 25. Rxc6 Bd7 26. Ra6 Nxe3 27. fxe3 Rxe3 28. Nc5
$2 Bxh3 29. Rxd6 Qxd6 30. Bf1 Qg3 $19 {Yermolinsky-Garcia,G St. Martin 1993.})
16... Qf6 17. Bxc8 Raxc8 18. Rab1 Rc7 19. Qa4 Rec8 {It looks like Black has
failed to find any active plan on the kingside and now he is going on
defensive.} 20. Rb2 Qe7 21. Rfb1 Nf8 22. Qa6 {[%csl Ra7,Rc6]} Nd7 23. Rb7 (23.
a4 $5) 23... Nb6 24. Rxc7 Rxc7 25. Na4 Nd7 26. Rc1 (26. Rb7 $142 $5 Nf8 27. Rb8
$16) 26... Qf6 27. Kh1 h6 {Black is able to protect the c6-pawn tactically.}
28. Nc3 (28. Rxc6 $2 Nb8) 28... g6 29. Qd3 Kg7 30. e4 dxe4 31. Nxe4 Qf4 $11 32.
Qe3 Qxe3 33. fxe3 Ba3 34. Rc3 Bf8 35. g4 Nf6 36. Nxf6 Kxf6 37. Kg2 Bd6 38. Kf2
c5 39. dxc5 Rxc5 40. Rxc5 Bxc5 41. Ke2 1/2-1/2